000
00256nam a2200097Ia 4500
001
1221491
005
20250827092830.0
008
250824s9999 xx 000 0 und d
245
0
_a
AKILCI YAŞAM TERAPİSİ
_c
ERTUĞRUL KÖROĞLU
260
_b
DESTEK YAYINLARI
999
_c
1221491
_d
1221491